Comprehensive tumour terminology handbook /

Bibliographic Details
Other Authors: McKee, Phillip H., De Wolf, C.J.M
Format: Book
Language:English
Published: New York : Wiley-Liss, [2001]
Subjects:

MARC

Tag First Indicator Second Indicator Subfields
LEADER 00000cam a22000004a 4500
001 in00004493421
005 20191203082016.0
008 001205s2001 nyu 000 0 eng
010 |a  00068054  
020 |a 0471184853 (paper) 
035 |a (OCoLC)ocm45505981 
035 |z (UtOrBLW)29398 
035 |a 44050 
040 |a DLC  |c DLC  |d C#P  |d UtOrBLW 
042 |a pcc 
049 |a TMVM  |c 1 
050 0 0 |a RC254.6  |b .C66 2001 
082 0 0 |a 616.99/2/0014  |2 21 
096 |a QZ 15  |b C737 2001 
245 0 0 |a Comprehensive tumour terminology handbook /  |c edited by P.H. McKee [and others] ; technical editor, C.J.M. de Wolf. 
264 1 |a New York :  |b Wiley-Liss,  |c [2001] 
264 4 |c ©2001 
300 |a xx, 362 pages ;  |c 24 cm. 
336 |a text  |2 rdacontent  |b txt 
337 |a unmediated  |2 rdamedia 
338 |a volume  |2 rdacarrier  |b nc 
650 2 |a Neoplasms  |v Terminology. 
650 2 |a Neoplasms  |v dictionary. 
700 1 |a McKee, Phillip H. 
700 1 |a De Wolf, C.J.M. 
999 |a MARS 
999 f f |s 1927017b-c6d9-34df-aad5-1cbaeaa6dde7  |i 95e3318b-4f2d-3327-8806-00238644683d  |t 0 
952 f f |p ric  |a Texas A&M University  |b Rellis Campus  |c Joint Library Facility  |d Remote Storage  |t 0  |e QZ 15 C737 2001  |h National Library of Medicine classification  |i unmediated -- volume  |m 3238901681367 
998 f f |a QZ 15 C737 2001  |t 0  |l Remote Storage